00000000nam 2200000zi 4500
0019.946698
003CaOODSP
00520250110144131
006m     o  d f      
007cr bn|||||||||
008250109s1974    nscb    ob   f000 0 eng d
040 |aCaOODSP|beng|erda|cCaOODSP
043 |an-cn-nk
0861 |aEn57-53/1-74E-PDF
1001 |aHaering, P. C., |eauthor.
24513|aAn approach to the selection of meteorological sites for forest fire control in New Brunswick (computation of fire weather index) / |cby P.C. Haering.
264 1|aBedford, N.S. : |bScientific Services Division, Atlantic Region, Atmospheric Environment Service, |c[1974]
300 |a1 online resource (36 pages in various pagings) : |bmaps.
336 |atext|btxt|2rdacontent
337 |acomputer|bc|2rdamedia
338 |aonline resource|bcr|2rdacarrier
4901 |aMAES ; |v1-74
500 |aDigitized edition from print [produced by Environment and Climate Change Canada].
504 |aIncludes bibliographical references.
520 |a"In three of the four Atlantic Provinces the forest resources constitute an important part of the provincial economy. In order to safeguard these resources from forest fires, various studies and programs have been undertaken during the past years. One aspect of forest fire control in the Atlantic Provinces has been the introduction of the Fire Weather Index. This Index is presently being computed during the fire season by the Fire Science Centre at the University of N.B. in Fredericton for the Canadian Forestry Service"--Introduction.
650 0|aForest fires|xPrevention and control.
650 0|aForest meteorology|zNew Brunswick.
650 6|aForêts|xIncendies|xPrévention et maîtrise.
650 6|aMétéorologie forestière|zNouveau-Brunswick.
7101 |aCanada. |bAtmospheric Environment Service. |bAtlantic Region, |eissuing body.
830#0|aMAES ;|v1-74.|w(CaOODSP)9.920183
85640|qPDF|s3192 KB|uhttps://publications.gc.ca/collections/collection_2025/eccc/en57/En57-53-1-74-eng.pdf